000 00294nam a22001337a 4500
008 181203b xxu||||| |||| 00| 0 eng d
020 _a9781554071883
041 _aeng
080 _a611
100 _a7
101 _aANA
245 _aHuman Body A Visual Guide
_cMillan,B.M
942 _2udc
_cBK
999 _c52705
_d52705